[Event "Oklahoma-Texas"]
[Site "Wichita Falls"]
[Date "2004.04.25"]
[Round "1.10"]
[White "Szaloky, Zoltan"]
[Black "Hilbert, Scott"]
[Result "0-1"]
[WhiteElo "1757"]
[BlackElo "1459"]
[PlyCount "80"]
[EventDate "2004.04.25"]
[EventType "team"]
[EventRounds "2"]
[EventCountry "USA"]
[EventCategory "2"]
[SourceTitle "EXT 2006"]
[Source "ChessBase"]
[SourceDate "2005.11.24"]
[SourceVersion "1"]
[SourceVersionDate "2005.11.24"]
[SourceQuality "1"]

1. e4 e5 2. f4 exf4 3. Nf3 Be7 4. Bc4 Bh4+ 5. g3 fxg3 6. 0-0 gxh2+ 7. Kh1 d5 8. Bxd5 Nf6 9. Bxf7+ Kxf7 10. Nxh4 Rf8 11. Nc3 Kg8 12. Qe1 Nc6 13. d3 Nd4 14. Qg3 Be6 15. Bg5 Nh5 16. Qg2 Qd7 17. Kxh2 Qd6+ 18. Kg1 Nf4 19. Bxf4 Rxf4 20. Rxf4 Qxf4 21. Nf5 Nxf5 22. exf5 Qxf5 23. Qxb7 Qc5+ 24. Kg2 Qg5+ 25. Kh2 Rf8 26. Ne4 Qh5+ 27. Kg1 Qg4+ 28. Kh2 Qh3+ 29. Kg1 Qe3+ 30. Kh2 Qe2+ 31. Kg1 Bh3 32. Qd5+ Kh8 33. Qg5 h6 34. Qg3 Rf3 35. Qg6 Bf5 36. Qg2 Qe3+ 37. Nf2 Rg3 38. Qxg3 Qxg3+ 39. Kf1 Bh3+ 40. Nxh3 Qxh3+ 0-1